[Event "GER-ch Rapid 51st"]
[Site "Neuwied"]
[Date "2025.06.15"]
[Round "8"]
[White "Braeuning, Rudolf Wilhelm"]
[Black "Klawa, Patrick"]
[Result "1/2-1/2"]
[WhiteElo "2187"]
[BlackElo "2157"]
[PlyCount "82"]
[EventDate "2025.06.14"]
[EventType "swiss (rapid)"]
[EventRounds "9"]
[EventCountry "GER"]
[SourceTitle "CB25_2025"]
[SourceDate "2025.06.18"]
[SourceVersion "1"]
[SourceVersionDate "2025.06.18"]
[SourceQuality "1"]

1. e4 c6 2. d4 d5 3. exd5 cxd5 4. c4 Nf6 5. Nc3 Nc6 6. Bg5 Be6 7. Nge2 Qa5 8. Nf4 Ne4 9. Nxe6 fxe6 10. Bd2 Nxd2 11. Qxd2 0-0-0 12. 0-0-0 g6 13. Qe3 e5 14. cxd5 exd4 15. Qe6+ Kb8 16. dxc6 Bh6+ 17. Kc2 dxc3 18. Bc4 Qc5 19. bxc3 Qxf2+ 20. Kb1 Qb6+ 21. Bb3 Qxc6 22. Qxe7 Rxd1+ 23. Rxd1 Re8 24. Rd8+ Rxd8 25. Qxd8+ Qc8 26. Qxc8+ Kxc8 27. Bg8 Bf4 28. g3 Be5 29. Bxh7 g5 30. Kc2 Kc7 31. Kd3 Kd6 32. Bf5 Ke7 33. h4 gxh4 34. gxh4 Kf6 35. Bg4 Bg3 36. h5 b6 37. Ke4 Kg5 38. Be2 a5 39. c4 Bf2 40. Ke5 Bc5 41. Ke6 Kh6 1/2-1/2

[Event "GER-ch Rapid 51st"]
[Site "Neuwied"]
[Date "2025.06.14"]
[Round "2"]
[White "Braeuning, Rudolf Wilhelm"]
[Black "Winterberg, Lukas"]
[Result "0-1"]
[WhiteElo "2187"]
[BlackElo "2428"]
[PlyCount "130"]
[EventDate "2025.06.14"]
[EventType "swiss (rapid)"]
[EventRounds "9"]
[EventCountry "GER"]
[SourceTitle "CB25_2025"]
[SourceDate "2025.06.18"]
[SourceVersion "1"]
[SourceVersionDate "2025.06.18"]
[SourceQuality "1"]

1. e4 e6 2. d4 d5 3. Nd2 c5 4. exd5 Qxd5 5. Ngf3 cxd4 6. Bc4 Qd7 7. 0-0 Nc6 8. Qe2 a6 9. a4 Nf6 10. Rd1 Bd6 11. Ne4 Be7 12. c3 0-0 13. Bg5 Nxe4 14. Qxe4 h6 15. Bxe7 Qxe7 16. Nxd4 Bd7 17. Bd3 g6 18. Bc2 Rad8 19. Nf3 e5 20. Qe3 Kg7 21. h3 f5 22. Rd2 Bc8 23. Rad1 Rde8 24. Rd6 e4 25. Nd4 f4 26. Qd2 Rf6 27. Nxc6 bxc6 28. Rxf6 Qxf6 29. Qd4 e3 30. fxe3 fxe3 31. Re1 Qxd4 32. cxd4 Bf5 33. Bxf5 gxf5 34. Kf1 f4 35. Rc1 Rb8 36. Rc2 Rb4 37. Ke2 Rxd4 38. g3 fxg3 39. Kxe3 Rxa4 40. Kf3 Rb4 41. Kxg3 a5 42. Rxc6 Rxb2 43. Ra6 Rb5 44. Kg4 h5+ 45. Kh4 Kf7 46. Kg3 Ke7 47. Kf4 Kd7 48. Ke4 Kc7 49. Kd4 Kb7 50. Rg6 a4 51. Kc4 Rb3 52. Rg5 Rxh3 53. Kb4 a3 54. Rg2 h4 55. Kc4 Rg3 56. Rh2 h3 57. Kb5 Kc7 58. Kc5 Kd7 59. Kd5 Ke7 60. Ke5 Rg5+ 61. Kf4 Ra5 62. Ra2 Kd6 63. Kg3 Kd5 64. Kxh3 Kc4 65. Kg3 Kb3 0-1

[Event "GER-ch Rapid 51st"]
[Site "Neuwied"]
[Date "2025.06.14"]
[Round "5"]
[White "Gschnitzer, Adrian"]
[Black "Braeuning, Rudolf Wilhelm"]
[Result "1/2-1/2"]
[WhiteElo "2442"]
[BlackElo "2187"]
[PlyCount "87"]
[EventDate "2025.06.14"]
[EventType "swiss (rapid)"]
[EventRounds "9"]
[EventCountry "GER"]
[SourceTitle "CB25_2025"]
[SourceDate "2025.06.18"]
[SourceVersion "1"]
[SourceVersionDate "2025.06.18"]
[SourceQuality "1"]

1. e4 c5 2. Nf3 g6 3. d4 cxd4 4. Nxd4 Nc6 5. Nc3 Bg7 6. Be3 Nf6 7. Nxc6 bxc6 8. e5 Ng8 9. Bd4 Rb8 10. Bc4 Nh6 11. e6 f6 12. Bxa7 Rxb2 13. exd7+ Qxd7 14. Qxd7+ Bxd7 15. Bb3 f5 16. Kd2 Nf7 17. Rae1 Nd6 18. Bc5 Bh6+ 19. Kd3 Kd8 20. Ba3 Rxb3 21. cxb3 f4 22. f3 Bf5+ 23. Ne4 Kd7 24. Ke2 Nxe4 25. fxe4 Bg4+ 26. Kd3 Ra8 27. Bc1 Rxa2 28. h3 Be6 29. g3 g5 30. gxf4 gxf4 31. Ref1 Bxb3 32. Bxf4 Bc2+ 33. Ke3 Bg7 34. e5 Ke6 35. Kd4 Ra5 36. Rc1 Ra4+ 37. Ke3 Ra3+ 38. Kd2 Be4 39. Rhe1 Bd5 40. Rc3 Ra2+ 41. Ke3 Ra4 42. Bh2 Bh6+ 43. Kd3 Ra2 44. Rc2 1/2-1/2

[Event "Bielefeld rapid op"]
[Site "Bielefeld"]
[Date "2024.10.12"]
[Round "1"]
[White "Schneider, Ilja"]
[Black "Braeuning, Rudolf Wilhelm"]
[Result "0-1"]
[WhiteElo "2449"]
[BlackElo "2186"]
[PlyCount "98"]
[EventDate "2024.10.12"]
[EventType "swiss"]
[EventRounds "9"]
[EventCountry "GER"]
[SourceTitle "CB43_2024"]
[Source "Chessbase"]
[SourceDate "2024.10.23"]
[SourceVersion "1"]
[SourceVersionDate "2024.10.23"]
[SourceQuality "1"]

1. e4 c5 2. Nc3 Nc6 3. Bb5 Nd4 4. Nf3 e6 5. 0-0 a6 6. Bd3 Nc6 7. Nd5 Nf6 8. Re1 d6 9. Nxf6+ Qxf6 10. c3 g5 11. Re2 g4 12. Ne1 Bd7 13. Bc2 h5 14. d3 0-0-0 15. f4 Bh6 16. Rf2 Rdg8 17. Rf1 h4 18. Be3 e5 19. Qd2 exf4 20. Bxf4 Ne5 21. Bxh6 Qxh6 22. Qxh6 Rxh6 23. Bb3 Rf8 24. d4 Nc6 25. dxc5 dxc5 26. Nd3 b6 27. Bxf7 Rd6 28. Bd5 Re8 29. b4 cxb4 30. cxb4 Ne7 31. Rac1+ Kb8 32. Nf4 Bc6 33. Bf7 Rf8 34. e5 Rd2 35. e6 h3 36. g3 Rfd8 37. Rf2 Rd1+ 38. Rxd1 Rxd1+ 39. Rf1 Rd2 40. Bh5 Bf3 41. Rc1 Rxa2 42. Be8 Rb2 43. Ra1 Rxb4 44. Ng6 Re4 45. Nf4 a5 46. Kf2 Kc7 47. Ra3 Rc4 48. Rd3 Rc2+ 49. Ke3 Nf5# 0-1

[Event "Oberliga Wuerttemberg 2324"]
[Site "Wuerttemberg"]
[Date "2023.10.15"]
[Round "2.8"]
[White "Braeuning, Rudolf Wilhelm"]
[Black "Pohl, Walter"]
[Result "1-0"]
[WhiteElo "2171"]
[BlackElo "2086"]
[PlyCount "41"]
[EventDate "2023.09.17"]
[EventType "team-tourn"]
[EventRounds "9"]
[EventCountry "GER"]
[SourceTitle "EXT 2025"]
[Source "ChessBase"]
[SourceDate "2024.10.14"]
[SourceVersion "1"]
[SourceVersionDate "2024.10.14"]
[SourceQuality "1"]
[WhiteTeam "Bebenhausen"]
[BlackTeam "Schwaebisch Gmuend"]
[WhiteTeamCountry "GER"]
[BlackTeamCountry "GER"]

1. e4 c5 2. Nf3 Nc6 3. c3 d5 4. exd5 Qxd5 5. d4 e5 6. Nxe5 Nxe5 7. dxe5 Qxe5+ 8. Be3 Bd7 9. Qb3 0-0-0 10. Nd2 f5 11. Nf3 Qd6 12. Rd1 Qe7 13. Be2 h6 14. 0-0 f4 15. Ba6 bxa6 16. Bxf4 Bb5 17. c4 Rxd1 18. Rxd1 Qe4 19. cxb5 axb5 20. Qxb5 Qxf4 21. Qc6+ 1-0

[Event "Wasselonne op 25th"]
[Site "Wasselonne"]
[Date "2023.08.06"]
[Round "6"]
[White "Braeuning, Rudolf Wilhelm"]
[Black "Bellahcene, Bilel"]
[Result "0-1"]
[WhiteElo "2212"]
[BlackElo "2515"]
[PlyCount "40"]
[EventDate "2023.08.03"]
[EventType "swiss"]
[EventRounds "7"]
[EventCountry "FRA"]
[SourceTitle "CBM 215 Extra"]
[Source "ChessBase"]
[SourceDate "2023.09.30"]
[SourceVersion "1"]
[SourceVersionDate "2023.09.30"]
[SourceQuality "1"]

1. e4 Nc6 2. d4 e5 3. dxe5 Nxe5 4. Nc3 Bb4 5. Qd4 Qe7 6. f4 Ng6 7. Bd2 Nf6 8. 0-0-0 Bc5 9. Qa4 0-0 10. e5 Ng4 11. Ne4 Be3 12. Bxe3 Nxe3 13. Re1 Nxf1 14. Rxf1 Re8 15. f5 Nxe5 16. f6 Qe6 17. fxg7 Ng4 18. Re1 b5 19. Qxb5 Ba6 20. Qg5 Bb7 0-1

[Event "GER-ch Blitz"]
[Site "Viernheim"]
[Date "2023.07.15"]
[Round "3"]
[White "Braeuning, Rudolf Wilhelm"]
[Black "Abel, Dennes"]
[Result "1-0"]
[WhiteElo "2212"]
[BlackElo "2404"]
[PlyCount "75"]
[EventDate "2023.07.15"]
[EventType "tourn (blitz)"]
[EventRounds "29"]
[EventCountry "GER"]
[SourceTitle "CBM 215 Extra"]
[Source "ChessBase"]
[SourceDate "2023.09.30"]
[SourceVersion "1"]
[SourceVersionDate "2023.09.30"]
[SourceQuality "1"]

1. c4 b6 2. Nc3 Bb7 3. d4 e6 4. a3 f5 5. d5 Nf6 6. g3 Na6 7. Bg2 Nc5 8. Nh3 Bd6 9. Qc2 Be5 10. Bd2 Qe7 11. Rd1 Nce4 12. Nxe4 Nxe4 13. Bf4 Bxf4 14. Nxf4 Nd6 15. dxe6 dxe6 16. Bxb7 Nxb7 17. Qa4+ Kf8 18. Rd7 Qe8 19. Qc6 Nc5 20. Rxc7 Qxc6 21. Rxc6 Ke7 22. Rc7+ Kf6 23. b4 Ne4 24. f3 Ng5 25. Kf2 Rhc8 26. Rxc8 Rxc8 27. Rc1 Ke5 28. e3 Nf7 29. Nd3+ Kd6 30. Ke2 e5 31. e4 g6 32. Ke3 Ng5 33. c5+ bxc5 34. Nxc5 Rc7 35. h4 Ne6 36. Rd1+ Ke7 37. Rd5 Nxc5 38. Rxc5 1-0

[Event "GER-ch Blitz"]
[Site "Viernheim"]
[Date "2023.07.15"]
[Round "28"]
[White "Braeuning, Rudolf Wilhelm"]
[Black "Ehmann, Thilo"]
[Result "0-1"]
[WhiteElo "2212"]
[BlackElo "2402"]
[PlyCount "147"]
[EventDate "2023.07.15"]
[EventType "tourn (blitz)"]
[EventRounds "29"]
[EventCountry "GER"]
[SourceTitle "CBM 215 Extra"]
[Source "ChessBase"]
[SourceDate "2023.09.30"]
[SourceVersion "1"]
[SourceVersionDate "2023.09.30"]
[SourceQuality "1"]

1. e4 c5 2. c3 g6 3. d4 cxd4 4. cxd4 d5 5. exd5 Nf6 6. Nc3 Bg7 7. Bc4 0-0 8. Nge2 Nbd7 9. Nf4 Nb6 10. Bb3 Bf5 11. 0-0 Ne4 12. Re1 Nxc3 13. bxc3 Rc8 14. Qf3 Qc7 15. Ba3 Rfe8 16. g4 Bd7 17. d6 Qxc3 18. Qxc3 Rxc3 19. Rxe7 Rf8 20. Bc5 Bxg4 21. Bxb6 axb6 22. Nd5 Rcc8 23. Re4 Bf5 24. Ne7+ Kh8 25. Nxf5 gxf5 26. Re7 Rcd8 27. d7 Bf6 28. Rxf7 Rxf7 29. Bxf7 Rxd7 30. Be6 Rxd4 31. Rb1 f4 32. Rxb6 f3 33. Rb1 Rd2 34. Bg4 Bd4 35. Rf1 Rxa2 36. Bxf3 b5 37. Bd5 Rd2 38. Kg2 Bxf2 39. Rxf2 Rxd5 40. Rf7 b4 41. Rb7 Rd4 42. Kf3 h6 43. Ke3 Rh4 44. Kf3 Kg8 45. Kg3 Rc4 46. h4 h5 47. Kh3 Rc3+ 48. Kg2 b3 49. Kf2 Rc2+ 50. Ke3 b2 51. Kd3 Rh2 52. Kc3 Rxh4 53. Kxb2 Re4 54. Kc3 h4 55. Kd3 Re6 56. Rb2 Kg7 57. Rh2 Rh6 58. Ke4 Kg6 59. Kf4 Kh5 60. Ra2 Rf6+ 61. Ke5 Rf1 62. Ke4 h3 63. Ke3 Kh4 64. Ra8 Kg3 65. Rg8+ Kh2 66. Ke2 Rf6 67. Ke1 Rf7 68. Ke2 Rf6 69. Rg7 Rf4 70. Rg8 Ra4 71. Kf2 Ra3 72. Kf1 Rf3+ 73. Ke2 Rg3 74. Rh8 0-1

[Event "GER-ch Blitz"]
[Site "Viernheim"]
[Date "2023.07.15"]
[Round "23"]
[White "Braeuning, Rudolf Wilhelm"]
[Black "Frischmann, Rick"]
[Result "1/2-1/2"]
[WhiteElo "2212"]
[BlackElo "2388"]
[PlyCount "60"]
[EventDate "2023.07.15"]
[EventType "tourn (blitz)"]
[EventRounds "29"]
[EventCountry "GER"]
[SourceTitle "CBM 215 Extra"]
[Source "ChessBase"]
[SourceDate "2023.09.30"]
[SourceVersion "1"]
[SourceVersionDate "2023.09.30"]
[SourceQuality "1"]

1. e4 d5 2. exd5 Qxd5 3. Nc3 Qd6 4. d4 Nf6 5. Nf3 Nc6 6. Bb5 a6 7. Bxc6+ Qxc6 8. 0-0 Bg4 9. d5 Qd6 10. h3 Bh5 11. Qd3 0-0-0 12. Bg5 e6 13. Rad1 Be7 14. Qe3 Bxf3 15. Qxf3 Nxd5 16. Bxe7 Qxe7 17. Nxd5 exd5 18. Rxd5 Rxd5 19. Qxd5 Kb8 20. Rd1 Qf6 21. c3 Re8 22. Qd2 Qe6 23. a3 h5 24. b4 g6 25. a4 Qc4 26. Re1 Rxe1+ 27. Qxe1 Qd5 28. a5 Qc4 29. Qe3 Qd5 30. Qe1 Qc4 1/2-1/2

[Event "GER-ch Blitz"]
[Site "Viernheim"]
[Date "2023.07.15"]
[Round "11"]
[White "Braeuning, Rudolf Wilhelm"]
[Black "Reichmann, Hendrik"]
[Result "0-1"]
[WhiteElo "2212"]
[BlackElo "2316"]
[PlyCount "82"]
[EventDate "2023.07.15"]
[EventType "tourn (blitz)"]
[EventRounds "29"]
[EventCountry "GER"]
[SourceTitle "CBM 215 Extra"]
[Source "ChessBase"]
[SourceDate "2023.09.30"]
[SourceVersion "1"]
[SourceVersionDate "2023.09.30"]
[SourceQuality "1"]

1. e4 c5 2. c3 d5 3. exd5 Nf6 4. d4 Nxd5 5. dxc5 e6 6. c4 Nb4 7. a3 Qxd1+ 8. Kxd1 N4c6 9. Be3 Nd7 10. b4 a5 11. b5 Nce5 12. c6 bxc6 13. Nc3 Bc5 14. Ne4 Bxe3 15. fxe3 cxb5 16. cxb5 Ke7 17. Nf3 Bb7 18. Ned2 Rhd8 19. Ke2 a4 20. Nd4 Bd5 21. h3 Nc5 22. Rg1 Rdc8 23. g4 Nb3 24. Rb1 Rc3 25. Bg2 Bxg2 26. Rxg2 Nxd2 27. Kxd2 Rxa3 28. Kd1 Rxe3 29. Rd2 Rxh3 30. Nc6+ Nxc6 31. bxc6 Rh1+ 32. Kc2 Rxb1 33. Kxb1 Rc8 34. Rd7+ Kf6 35. c7 g6 36. Ka2 h5 37. gxh5 gxh5 38. Ka3 h4 39. Kxa4 h3 40. Kb5 h2 41. Rd1 Rxc7 0-1

[Event "GER-ch Blitz"]
[Site "Viernheim"]
[Date "2023.07.15"]
[Round "5"]
[White "Braeuning, Rudolf Wilhelm"]
[Black "Wagner, Dennis"]
[Result "0-1"]
[WhiteElo "2212"]
[BlackElo "2598"]
[PlyCount "108"]
[EventDate "2023.07.15"]
[EventType "tourn (blitz)"]
[EventRounds "29"]
[EventCountry "GER"]
[SourceTitle "CBM 215 Extra"]
[Source "ChessBase"]
[SourceDate "2023.09.30"]
[SourceVersion "1"]
[SourceVersionDate "2023.09.30"]
[SourceQuality "1"]

1. e4 c5 2. c3 d5 3. exd5 Nf6 4. d4 Nxd5 5. dxc5 e6 6. c4 Nb4 7. a3 Qxd1+ 8. Kxd1 N4c6 9. Be3 Nd7 10. b4 a5 11. b5 Nce5 12. c6 bxc6 13. Nc3 Bc5 14. Nf3 Nxf3 15. gxf3 Bb7 16. Ne4 Bxe3 17. fxe3 Ke7 18. Rg1 cxb5 19. cxb5 g6 20. Bd3 Ne5 21. Ke2 f5 22. Nd2 Rhd8 23. Bc2 Rxd2+ 24. Kxd2 Nxf3+ 25. Kc3 Rc8+ 26. Kb2 Nxg1 27. Rxg1 e5 28. a4 f4 29. exf4 exf4 30. Re1+ Kf6 31. Rd1 f3 32. Rd7 f2 33. Bb3 Rf8 34. Bc4 Bg2 35. Rxh7 f1Q 36. Bxf1 Bxf1 37. Ra7 Rh8 38. Rxa5 Rxh2+ 39. Kc3 Rh3+ 40. Kb4 Rh4+ 41. Kc5 Rc4+ 42. Kd5 g5 43. b6 g4 44. Rb5 Rxa4 45. Rb1 Bg2+ 46. Kc5 Kg5 47. Kb5 Rf4 48. Rc1 Bf3 49. Rc8 g3 50. Rg8+ Kh4 51. Ka6 Rg4 52. Rh8+ Kg5 53. b7 Bxb7+ 54. Kxb7 g2 0-1

[Event "GER-ch Blitz"]
[Site "Viernheim"]
[Date "2023.07.15"]
[Round "17"]
[White "Braeuning, Rudolf Wilhelm"]
[Black "Wyrwich, Thomas"]
[Result "1/2-1/2"]
[WhiteElo "2212"]
[BlackElo "2252"]
[PlyCount "42"]
[EventDate "2023.07.15"]
[EventType "tourn (blitz)"]
[EventRounds "29"]
[EventCountry "GER"]
[SourceTitle "CBM 215 Extra"]
[Source "ChessBase"]
[SourceDate "2023.09.30"]
[SourceVersion "1"]
[SourceVersionDate "2023.09.30"]
[SourceQuality "1"]

1. e4 e6 2. d4 d5 3. Nd2 a6 4. Ngf3 c5 5. exd5 exd5 6. dxc5 Bxc5 7. Nb3 Ba7 8. Bd3 Nf6 9. 0-0 0-0 10. Bg5 h6 11. Bh4 g5 12. Bg3 Ne4 13. c4 Nxg3 14. hxg3 dxc4 15. Bxc4 Qxd1 16. Raxd1 Nc6 17. Rd6 Kg7 18. Rfd1 Bg4 19. a3 Rad8 20. Rxd8 Rxd8 21. Rxd8 Nxd8 1/2-1/2

[Event "GER-ch Blitz"]
[Site "Viernheim"]
[Date "2023.07.15"]
[Round "12"]
[White "Neyman, Igor"]
[Black "Braeuning, Rudolf Wilhelm"]
[Result "1/2-1/2"]
[WhiteElo "2316"]
[BlackElo "2212"]
[PlyCount "42"]
[EventDate "2023.07.15"]
[EventType "tourn (blitz)"]
[EventRounds "29"]
[EventCountry "GER"]
[SourceTitle "CBM 215 Extra"]
[Source "ChessBase"]
[SourceDate "2023.09.30"]
[SourceVersion "1"]
[SourceVersionDate "2023.09.30"]
[SourceQuality "1"]

1. d4 Nf6 2. c4 Nc6 3. Nf3 e6 4. a3 d6 5. Nc3 g6 6. e4 Bg7 7. h3 0-0 8. Bg5 h6 9. Be3 e5 10. d5 Nd4 11. Nxd4 exd4 12. Bxd4 Nxe4 13. Bxg7 Re8 14. Be2 Kxg7 15. Qd4+ Qf6 16. Qxf6+ Kxf6 17. Nxe4+ Rxe4 18. f3 Re3 19. Kd2 Rb3 20. Kc2 Re3 21. Kd2 Rb3 1/2-1/2

[Event "GER-ch Blitz"]
[Site "Viernheim"]
[Date "2023.07.15"]
[Round "20"]
[White "Pajeken, Jakob Leon"]
[Black "Braeuning, Rudolf Wilhelm"]
[Result "1-0"]
[WhiteElo "2430"]
[BlackElo "2212"]
[PlyCount "102"]
[EventDate "2023.07.15"]
[EventType "tourn (blitz)"]
[EventRounds "29"]
[EventCountry "GER"]
[SourceTitle "CBM 215 Extra"]
[Source "ChessBase"]
[SourceDate "2023.09.30"]
[SourceVersion "1"]
[SourceVersionDate "2023.09.30"]
[SourceQuality "1"]

1. Nf3 d5 2. e3 Nf6 3. c4 c6 4. d4 e6 5. Nbd2 Bd6 6. b3 0-0 7. Bb2 Nbd7 8. Bd3 Qe7 9. Ne5 c5 10. 0-0 b6 11. Nxd7 Bxd7 12. Qe2 e5 13. dxe5 Bxe5 14. Bxe5 Qxe5 15. Nf3 Qh5 16. cxd5 Nxd5 17. Rac1 Rfe8 18. Qd2 Nf6 19. Rfd1 Bc6 20. Be2 Ne4 21. Qc2 Ng5 22. Nd4 Nh3+ 23. gxh3 Qg5+ 24. Bg4 Be4 25. Qd2 cxd4 26. exd4 Qg6 27. d5 h5 28. Rc6 Qh7 29. Be2 Rad8 30. Bc4 Qf5 31. Qe3 Bxd5 32. Rxd5 Qb1+ 33. Kg2 Rxe3 34. Rxd8+ Kh7 35. fxe3 Qe4+ 36. Kf2 Qxc6 37. Rd4 Qf6+ 38. Rf4 Qb2+ 39. Kg3 f6 40. Bd3+ Kg8 41. Bc4+ Kf8 42. a4 Qd2 43. Re4 Qe1+ 44. Kg2 g5 45. Re6 Qd2+ 46. Kg3 h4+ 47. Kg4 Qg2+ 48. Kh5 Qxh3 49. Kg6 Qg2 50. Bb5 Qc2+ 51. e4 Qc8 1-0

[Event "GER-ch Blitz"]
[Site "Viernheim"]
[Date "2023.07.15"]
[Round "27"]
[White "Vuckovic, Zarko"]
[Black "Braeuning, Rudolf Wilhelm"]
[Result "1-0"]
[WhiteElo "2323"]
[BlackElo "2212"]
[PlyCount "72"]
[EventDate "2023.07.15"]
[EventType "tourn (blitz)"]
[EventRounds "29"]
[EventCountry "GER"]
[SourceTitle "CBM 215 Extra"]
[Source "ChessBase"]
[SourceDate "2023.09.30"]
[SourceVersion "1"]
[SourceVersionDate "2023.09.30"]
[SourceQuality "1"]

1. e4 c5 2. Be2 Nc6 3. f4 g6 4. Nf3 Bg7 5. 0-0 d6 6. c3 Nf6 7. d3 0-0 8. Na3 Rb8 9. Nc2 b5 10. e5 Nd5 11. d4 cxd4 12. cxd4 Bf5 13. Ne3 Nxe3 14. Bxe3 Nb4 15. Qd2 a5 16. Rfd1 dxe5 17. dxe5 Qxd2 18. Bxd2 Nd3 19. b3 a4 20. Be3 Rfd8 21. Nd4 Nb2 22. Rd2 a3 23. Nxb5 f6 24. Nxa3 Rxd2 25. Bxd2 fxe5 26. Nc4 exf4 27. Bxf4 Rd8 28. Rf1 Bd4+ 29. Kh1 Nd3 30. Bg3 Nc5 31. h3 Ne4 32. Be1 Ra8 33. a4 e5 34. Bf3 Rb8 35. g4 Be6 36. Bxe4 Rxb3 1-0

[Event "Oberliga Wuerttemberg 2223"]
[Site "Wuerttemberg"]
[Date "2023.05.07"]
[Round "9.3"]
[White "Mack, Wolfgang"]
[Black "Braeuning, Rudolf Wilhelm"]
[Result "1/2-1/2"]
[WhiteElo "2256"]
[BlackElo "2213"]
[PlyCount "57"]
[EventDate "2022.09.18"]
[EventType "team-tourn"]
[EventRounds "9"]
[EventCountry "GER"]
[SourceTitle "EXT 2025"]
[Source "ChessBase"]
[SourceDate "2024.10.14"]
[SourceVersion "1"]
[SourceVersionDate "2024.10.14"]
[SourceQuality "1"]
[WhiteTeam "Biberach"]
[BlackTeam "Bebenhausen"]
[WhiteTeamCountry "GER"]
[BlackTeamCountry "GER"]

1. g3 e5 2. Bg2 d5 3. d4 exd4 4. Qxd4 Nf6 5. Bg5 Be7 6. Nc3 0-0 7. Bxf6 Bxf6 8. Qxd5 Bxc3+ 9. bxc3 Qf6 10. Qd4 Qg6 11. Be4 Qh6 12. Nf3 Nc6 13. Qd2 Qf6 14. 0-0 Re8 15. Bd3 Bg4 16. Kg2 Ne5 17. Nxe5 Rxe5 18. f3 Be6 19. Rfb1 b6 20. a4 a5 21. Rb5 Rxb5 22. Bxb5 Rd8 23. Qe1 h5 24. e4 g6 25. Qe3 Kg7 26. Rf1 h4 27. f4 h3+ 28. Kg1 Qe7 29. Be2 1/2-1/2

[Event "Oberliga Wuerttemberg 2223"]
[Site "Wuerttemberg"]
[Date "2022.11.06"]
[Round "3.2"]
[White "Vyval, Volodymyr"]
[Black "Braeuning, Rudolf Wilhelm"]
[Result "1-0"]
[WhiteElo "2261"]
[BlackElo "2215"]
[PlyCount "119"]
[EventDate "2022.09.18"]
[EventType "team-tourn"]
[EventRounds "9"]
[EventCountry "GER"]
[SourceTitle "EXT 2025"]
[Source "ChessBase"]
[SourceDate "2024.10.14"]
[SourceVersion "1"]
[SourceVersionDate "2024.10.14"]
[SourceQuality "1"]
[WhiteTeam "Schoenaich II"]
[BlackTeam "Bebenhausen"]
[WhiteTeamCountry "GER"]
[BlackTeamCountry "GER"]

1. e4 c5 2. Nf3 Nc6 3. d4 cxd4 4. Nxd4 g6 5. c4 Nf6 6. Nc3 d6 7. f3 Nxd4 8. Qxd4 Bg7 9. Be3 0-0 10. Qd2 a5 11. Na4 Nd7 12. 0-0-0 Qc7 13. Kb1 Nc5 14. Nc3 Be6 15. g4 Rfc8 16. h4 Nd7 17. h5 Ne5 18. hxg6 Nxc4 19. Bxc4 Qxc4 20. Bd4 Bxd4 21. gxh7+ Kg7 22. Qxd4+ Qxd4 23. Rxd4 Rh8 24. Nd5 Bxd5 25. Rxd5 Rxh7 26. Rg5+ Kh8 27. Rc1 e6 28. a4 Rh3 29. Rc3 Ra6 30. Ka2 e5 31. Rc8+ Kh7 32. Rf5 Rb6 33. Rxf7+ Kg6 34. Rcc7 Rg3 35. Rg7+ Kh6 36. g5+ Kh5 37. Rxb7 Rxb7 38. Rxb7 Rxf3 39. b4 axb4 40. Rxb4 Kxg5 41. a5 Rf8 42. Kb3 Ra8 43. Ra4 Kf4 44. a6 Ke3 45. a7 Kd3 46. Kb2 Kd2 47. Ra3 d5 48. exd5 e4 49. d6 e3 50. d7 e2 51. Ra1 e1Q 52. Rxe1 Kxe1 53. Kc3 Ke2 54. Kc4 Ke3 55. Kc5 Ke4 56. Kb6 Kd5 57. Kb7 Rd8 58. Kc7 Ra8 59. d8Q+ Rxd8 60. Kxd8 1-0

[Event "Oberliga Wuerttemberg 2122"]
[Site "Wuerttemberg"]
[Date "2022.05.15"]
[Round "9.3"]
[White "Braeuning, Rudolf Wilhelm"]
[Black "Dabo Peranic, Robert"]
[Result "0-1"]
[WhiteElo "2248"]
[BlackElo "2289"]
[PlyCount "108"]
[EventDate "2021.09.19"]
[EventType "team-tourn"]
[EventRounds "9"]
[EventCountry "GER"]
[SourceTitle "EXT 2024"]
[Source "ChessBase"]
[SourceDate "2023.10.10"]
[SourceVersion "1"]
[SourceVersionDate "2023.10.10"]
[SourceQuality "1"]
[WhiteTeam "Bebenhausen"]
[BlackTeam "Deizisau II"]
[WhiteTeamCountry "GER"]
[BlackTeamCountry "GER"]

1. g3 d5 2. Bg2 e5 3. d3 g6 4. b3 Bg7 5. Bb2 Ne7 6. e3 Nbc6 7. Ne2 h5 8. h4 Bg4 9. Nd2 Qd7 10. f3 Be6 11. e4 0-0-0 12. a3 f5 13. b4 a6 14. f4 fxe4 15. dxe4 Bg4 16. Nb3 Qe8 17. Qd3 dxe4 18. Qxe4 Nf5 19. 0-0 Bxe2 20. Qxe2 Nxg3 21. Qc4 Qg8 22. Bh3+ Nf5 23. Qxg8 Rhxg8 24. Rae1 Kb8 25. fxe5 Nxh4 26. Rf7 g5 27. Nc5 g4 28. Bg2 Nxg2 29. Kxg2 Rd2+ 30. Kg3 Rxc2 31. Ba1 Ra2 32. Nd7+ Ka7 33. Nf6 Rxa3+ 34. Kg2 Rxa1 35. Rxa1 Nxe5 36. Nxg8 Nxf7 37. Rc1 Be5 38. Ne7 h4 39. Ng6 h3+ 40. Kf2 Bd6 41. Rc4 g3+ 42. Kf1 Ng5 43. Nh4 h2 44. Kg2 Nh3 45. b5 Nf2 46. Rc1 h1Q+ 47. Rxh1 Nxh1 48. bxa6 Nf2 49. axb7 Kxb7 50. Nf5 Ne4 51. Kf3 Kb6 52. Ne3 Nd2+ 53. Ke2 Nb3 54. Nf5 Kc5 0-1

[Event "Krakow op-A 32nd"]
[Site "Krakow"]
[Date "2021.12.27"]
[Round "1"]
[White "Bombek, Peter"]
[Black "Braeuning, Rudolf Wilhelm"]
[Result "1-0"]
[WhiteElo "2099"]
[BlackElo "2242"]
[PlyCount "101"]
[EventDate "2021.12.27"]
[EventType "swiss"]
[EventRounds "9"]
[EventCountry "POL"]
[SourceTitle "EXT 2023"]
[Source "ChessBase"]
[SourceDate "2022.10.05"]
[SourceVersion "1"]
[SourceVersionDate "2022.10.05"]
[SourceQuality "1"]

1. d4 Nf6 2. Bg5 Ne4 3. Bf4 c5 4. f3 Qa5+ 5. c3 Nf6 6. Nd2 cxd4 7. Nb3 Qd8 8. cxd4 d5 9. e3 Nc6 10. Ne2 Bf5 11. Nc3 Rc8 12. Be2 e6 13. g4 Bg6 14. h4 h6 15. h5 Bh7 16. Kf2 Bd6 17. Bxd6 Qxd6 18. Qg1 e5 19. g5 hxg5 20. Qxg5 Bc2 21. Bb5 e4 22. f4 Bxb3 23. axb3 a6 24. Bxc6+ Rxc6 25. Rac1 Qe6 26. Rh4 Kf8 27. Ne2 Rxc1 28. Nxc1 Ne8 29. Ne2 f6 30. Qg1 f5 31. Qg5 Qf6 32. Nc3 g6 33. Nxd5 Qxg5 34. fxg5 Ng7 35. Nf4 Ke8 36. h6 Kf7 37. Rh1 Ne6 38. Nxe6 Kxe6 39. Rc1 Rf8 40. Rc7 f4 41. exf4 Rxf4+ 42. Ke3 Rg4 43. Rc5 Rg3+ 44. Kxe4 Rxb3 45. Rc3 Rxb2 46. Rh3 Re2+ 47. Kf3 Re1 48. h7 Rf1+ 49. Ke4 Rf8 50. h8Q Rxh8 51. Rxh8 1-0

[Event "Oberliga Wuerttemberg 2122"]
[Site "Wuerttemberg"]
[Date "2021.12.19"]
[Round "4.3"]
[White "Braeuning, Rudolf Wilhelm"]
[Black "Menezes, Christoph"]
[Result "1/2-1/2"]
[WhiteElo "2248"]
[BlackElo "2425"]
[PlyCount "30"]
[EventDate "2021.09.19"]
[EventType "team-tourn"]
[EventRounds "9"]
[EventCountry "GER"]
[SourceTitle "EXT 2023"]
[Source "ChessBase"]
[SourceDate "2022.10.05"]
[SourceVersion "1"]
[SourceVersionDate "2022.10.05"]
[SourceQuality "1"]
[WhiteTeam "Bebenhausen"]
[BlackTeam "Schoenaich II"]
[WhiteTeamCountry "GER"]
[BlackTeamCountry "GER"]

1. Nc3 c5 2. Nf3 Nc6 3. e3 Nf6 4. Bb5 g6 5. d4 cxd4 6. exd4 d5 7. Ne5 Bd7 8. Bg5 Bg7 9. Bxf6 Bxf6 10. Nxd5 Nxe5 11. dxe5 Bxb5 12. exf6 e6 13. Nc3 Bc6 14. Qxd8+ Rxd8 15. 0-0 g5 1/2-1/2